Analýza techník, postupov a modelov ohodnocovania dlhopisov diplomová práca

Saved in:
Bibliographic Details
Main Author: Miková, Juliana
Corporate Author: Fakulta podnikového manažmentu EU. Katedra podnikových financií
Other Authors: Mikloš, Miroslav, 1975-
Format: Book
Language:Slovak
Published: Bratislava 2014
Tags: Add Tag
No Tags, Be the first to tag this record!

MARC

LEADER 00000nbm a2200000 4500
001 0188146
005 20170201093606.3
041 0 |a slo 
044 |a SK 
245 1 0 |a Analýza techník, postupov a modelov ohodnocovania dlhopisov  |b diplomová práca  |c Juliana Miková ; školiteľ: Miroslav Mikloš 
264 1 |a Bratislava  |c 2014 
300 |a 67 s. 
100 1 |a Miková, Juliana 
700 1 |a Mikloš, Miroslav, 1975- 
710 2 |a Fakulta podnikového manažmentu EU. Katedra podnikových financií